<The> "Soaring eagle" anatomy of the Polish take-off in the 1990s

Salvato in:
Dettagli Bibliografici
Autore principale: Broeck, Mark De
Altri autori: Koen, Vincent
Natura: Libro
Lingua:inglese
Pubblicazione: Washington International Monetary Fund 2000
Serie:IMF Working Paper WP/00/6
Soggetti:
Tags: Aggiungi Tag
Nessun Tag, puoi essere il primo ad aggiungerne!!

MARC

LEADER 00000nam a2200000 4500
001 c123991
005 20221221083616.6
041 0 |a eng 
044 |a US 
245 1 0 |a <The> "Soaring eagle"  |b anatomy of the Polish take-off in the 1990s  |c Mark De Broeck and Vincent Koen 
264 1 |a Washington  |b International Monetary Fund  |c 2000 
300 |a 37 s. 
490 1 |a IMF Working Paper  |v WP/00/6 
830 0 |a IMF Working Paper  |v WP/00/6 
610 2 0 |a rast hospodársky 
610 2 0 |a transformácia 
610 2 0 |a Poľsko 
100 1 |a Broeck, Mark De 
700 1 |a Koen, Vincent